LEADER 01446nam--2200445---450- 001 990005807070203316 005 20130213094219.0 035 $a000580707 035 $aUSA01000580707 035 $a(ALEPH)000580707USA01 035 $a000580707 100 $a20130213d1967----km-y0itay50------ba 101 $aita$alat 102 $aIT 105 $a||||||||001yy 200 1 $aAntologia tacitiana$epassi scelti dall'Agricola, dalla Germania, dal Dialogus de oratoribus, dalle Historiae e dagli Annales$f[a cura di] Enrico Andreoli, Giuseppe Capaldi 205 $a6. ed 210 $aTorino$cPetrini$d1967 215 $aXVI, 341 p., [6] carte di tav. [1] carta genealogica ripiegata$d21 cm 500 11$aAgricola$m(Antologie)$913321 500 11$aGermania$m(Antologie)$913322 500 11$aDialogus de oratoribus$m(Antologie)$913323 500 11$aHistoriae$m(Antologie)$915391 500 11$aAnnales$m(Antologie)$915549 676 $a878 700 1$aTACITUS,$bPublius Cornelius$05717 702 1$aCAPALDI,$bGiuseppe 702 1$aANDREOLI,$bEnrico 801 0$aIT$bsalbc$gISBD 912 $a990005807070203316 951 $aXV.8. 1204$b225500 L.M.$cXV.8. 959 $aBK 969 $aFSO 979 $aIANNONE$b90$c20130213$lUSA01$h0942 996 $aGermania$913322 996 $aHistoriae$915391 996 $aDialogus de oratoribus$913323 996 $aAgricola$913321 996 $aAnnales$915549 997 $aUNISA LEADER 01117nam0-22003251i-450 001 990001883430403321 005 20191122131330.0 035 $a000188343 035 $aFED01000188343 035 $a(Aleph)000188343FED01 035 $a000188343 100 $a20030910d2000----km-y0itay50------ba 101 0 $aita 200 1 $aRelazioni vicariali del 1775$ecalendario delle feste infrasettimanali nelle parrocchie bresciane alla fine del XVIII secolo$fAttilio Mazza 210 $aBrescia$cAteneo di Scienze Lettere ed Arti$d2000 215 $a243 p.$d24 cm 225 1 $aMonumenta Brixiæ historica$iFontes$v16 300 $aSuppl. a: Commentari dell'Ateneo di Brescia, 2000 610 0 $aCalendari religiosi$aBrescia $a1775 610 0 $aFeste religiose$aBrescia $a1775 676 $a291.36$v21$zita 676 $a263.98$v21$zita 700 1$aMazza,$bAttilio$036564 801 0$aIT$bUNINA$gRICA$2UNIMARC 901 $aBK 912 $a990001883430403321 952 $a60 291 MAZA 2000$b8868$fFAGBC 959 $aFAGBC 996 $aRelazioni vicariali del 1775$9403621 997 $aUNINA